| 000 | 00778nam a22002177a 4500 | ||
|---|---|---|---|
| 005 | 20090305104415.0 | ||
| 008 | 090304t xxu||||| |||| 00| 0 eng d | ||
| 010 | _aB-317548 | ||
| 020 | _c60.00 | ||
| 035 | _aB-317548 | ||
| 040 |
_aDPL _bEnglish |
||
| 082 | _a500.9 | ||
| 100 | _aKrishnamurthy, K. V. | ||
| 245 |
_aHistory of science / _cby K. V.Krishnamurthy |
||
| 260 |
_aThiruchirappalli _bBharathidasan University _c2005 |
||
| 270 |
_aPalkalaiperur _bThiruchirappalli _e620024 |
||
| 300 |
_a191 p. _c24 cm. (Pbk) |
||
| 650 | _bScience | ||
| 942 |
_2ddc _cEN _h500.09 _mKRI |
||
| 999 |
_c24908 _d24908 |
||